British Foreign Secretaries - Statistics

General Stats
  • This quiz has been taken 462 times
    345 since last reset
  • The average score is 23 of 83
Answer Stats
Hint Answer % Correct
1935-1938 Anthony Eden
70%
1940-1945 Anthony Eden
70%
1951-1955 Anthony Eden
70%
1989-1989 John Major
70%
1974-1976 James Callaghan
68%
2010-2014 William Hague
63%
1983-1989 Sir Geoffrey Howe
60%
1960-1963 Earl of Home
57%
2001-2006 Jack Straw
57%
1955 Harold MacMillan
55%
1997-2001 Robin Cook
55%
2007-2010 David Miliband
54%
2014- Philip Hammond
53%
1924-1929 Sir Austen Chamberlain
53%
1979-1982 Lord Carrington
52%
2006-2007 Margaret Beckett
50%
1977-1979 David Owen
47%
1830-1834 Viscount Palmerston
47%
1835-1841 Viscount Palmerston
47%
1846-1851 Viscount Palmerston
47%
1916-1919 Arthur Balfour
45%
1989-1995 Douglas Hurd
44%
1878-1880 Marquess of Salisbury
44%
1885-1886 Marquess of Salisbury
44%
1887-1892 Marquess of Salisbury
44%
1895-1900 Marquess of Salisbury
44%
1874-1878 15th Earl of Derby
43%
1866-1868 Lord Stanley
43%
1905-1916 Sir Edward Grey
42%
1955-1960 Selwyn Lloyd
40%
1834-1835 Duke of Wellington
37%
1807-1809 George Canning
37%
1822-1827 George Canning
37%
1828-1830 Earl of Aberdeen
36%
1841-1846 Earl of Aberdeen
36%
1945-1951 Ernest Bevin
36%
1995-1997 Malcolm Rifkind
36%
1938-1940 Viscount Halifax
35%
1924 Ramsay MacDonald
33%
1982-1983 Francis Pym
31%
1852-1853 Lord John Russell
30%
1859-1865 Lord John Russell
30%
1963-1964 R. A. Butler
30%
1970-1974 Sir Alec Douglas-Home
30%
1976-1977 Anthony Crosland
22%
1886 Earl of Rosebery
22%
1892-1894 Earl of Rosebery
22%
1951 Herbert Morrison
20%
1812-1822 Viscount Castlereagh
20%
1791-1801 Lord Grenville
17%
1919-1924 Earl Curzon
14%
1965-1966 Michael Stewart
12%
1968-1970 Michael Stewart
12%
1931-1935 Sir John Simon
12%
1929-1931 Arthur Henderson
10%
1966-1968 George Brown
10%
1964-1965 Patrick Gordon Walker
10%
1935 Sir Samuel Hoare
9%
1782 Charles James Fox
7%
1783 Charles James Fox
7%
1806 Charles James Fox
7%
1852 Earl of Malmesbury
7%
1858-1859 Earl of Malmesbury
7%
1900-1905 Marquess of Lansdowne
7%
1851-1852 Earl Granville
3%
1870-1874 Earl Granville
3%
1880-1885 Earl Granville
3%
1853-1858 Earl of Clarendon
3%
1865-1866 Earl of Clarendon
3%
1868-1870 Earl of Clarendon
3%
1931 Marquess of Reading
3%
1783 Earl Temple
2%
1809-1812 Marquess Wellesley
2%
1809 Earl Bathurst
1%
1827-1828 Earl of Dudley
1%
1886-1887 Earl of Iddesleigh
1%
1894-1895 Earl of Kimberley
1%
1782-1783 Lord Grantham
1%
1801-1804 Lord Hawkesbury
1%
1805-1806 Lord Mulgrave
1%
1783-1791 Marquess of Carmarthen
1%
1806-1807 Viscount Howick
1%
1804-1805 Lord Harrowby
0%
No matching quizzes found
Score Distribution
Percent of People with Each Score
Percentile by Number Answered
Your Score History
You have not taken this quiz since the last reset